| 000 | 00384nam a2200133Ia 4500 | ||
|---|---|---|---|
| 008 | 231228s2006 xx 000 0 und d | ||
| 041 | _aeng | ||
| 082 |
_a153.4 _bGLA |
||
| 100 | _aGLADWELL (Malcolm) | ||
| 245 | _aBlink: The Power of Thinking without Thinking | ||
| 250 | _a1st | ||
| 260 |
_aNew Delhi _bPenguin Books India Pvt. Ltd. New Delhi , London _c2006 |
||
| 300 | _aviii, 296 | ||
| 999 |
_c1096375 _d1096375 |
||